La Música a Catalunya fins al segle XIII / per Higini Anglès
Descripción Física:
XI, 447 p. : il. ; 27 cm
Materias:
Música -- Catalunya -- 500/1400
MARC
| LEADER | 00000nam a2200000Ia 4500 | ||
|---|---|---|---|
| 001 | 9909 | ||
| 008 | 160829s1935 xx 000 0 cat d | ||
| 080 | |a B-1-81 | ||
| 100 | |a Anglès, Higini, |d 1888-1969 |9 26341 | ||
| 245 | |a La Música a Catalunya fins al segle XIII / per Higini Anglès | ||
| 260 | |a Barcelona : |b Institut d' Estudis Catalans : |b Biblioteca de Catalunya, |c 1935 | ||
| 300 | |a XI, 447 p. : |b il. ; |c 27 cm | ||
| 490 | |a Publicacions del Departament de Música de la Biblioteca de Catalunya ; 10 | ||
| 650 | |a Música |x Catalunya |x 500/1400 |9 20137 | ||
| 710 | 2 | |a Institut d'Estudis Catalans |9 52284 | |
| 710 | 1 | |a Biblioteca de Catalunya |9 52741 | |
| 901 | |a Arxiu | ||
| 942 | |n 1 | ||
| 952 | |0 0 |1 0 |4 0 |6 B181 |7 1 |9 41457 |a Arxiu |b Arxiu |d 2016-12-01 |l 0 |o B-1-81 |p 9909 |r 2016-12-01 00:00:00 |w 2016-12-01 |y ARXIU | ||
| 999 | |c 43265 |d 43265 | ||